000 01147cab a2200253 i 4500
001 768714001
003 CO-MdFUSB
005 20230112141724.0
008 161116s2007 gt ||||| |||| 00| 0 spa d
022 _a1014-9341
040 _aCO-MdFUSB
_bspa
_cCO-MdFUSB
_dCO-MdFUSB
041 _aspa
100 1 _aSywulka, Pablo
_eautor
245 0 0 _aLa respuesta salvífica al evangelio según la teología paulina
_c/ Pablo Sywulka
300 _aNúmero 41 (Julio - Diciembre, 2007), páginas 101-112
_c; 22 cm
520 _aHay confusión entre los evangélicos sobre cuál es la respuesta salvífica al evangelio. Pablo emplea los siguientes verbos para describir esta respuesta: "recibir", "escuchar", "convertirse", "creer", "confesar" y "obedecer". Recibir el evangelio es darle la bienvenida.
650 0 _948
_aSalvación
653 _aTeología paulina
653 _aRespuesta salvífica
653 _aObedecer
773 0 _tKairós
_049489
_961217
_gNúmero 41 (Julio - Diciembre, 2007), páginas 101-112
_qPágina 101
773 0 _tKairós
_049489
_961215
_gNúmero 41 (Julio - Diciembre, 2007), páginas 101-112
_qPágina 101
942 _cANA
999 _c62388
_d62388